|
|
|
|
| LEADER |
01781nam a2200433 i 4500 |
| 001 |
EBC4428267 |
| 003 |
MiAaPQ |
| 005 |
20200520144314.0 |
| 006 |
m o d | |
| 007 |
cr cnu|||||||| |
| 008 |
160603t20152015enka ob 001 0 eng d |
| 020 |
|
|
|z 9781118977781
|
| 020 |
|
|
|z 9781118977811
|
| 020 |
|
|
|a 9781118977798
|q (electronic bk.)
|
| 035 |
|
|
|a (MiAaPQ)EBC4428267
|
| 035 |
|
|
|a (Au-PeEL)EBL4428267
|
| 035 |
|
|
|a (CaPaEBR)ebr11212389
|
| 035 |
|
|
|a (OCoLC)910159253
|
| 040 |
|
|
|a MiAaPQ
|b eng
|e rda
|e pn
|c MiAaPQ
|d MiAaPQ
|
| 050 |
|
4 |
|a HB225
|b .R357 2015
|
| 082 |
0 |
|
|a 330.015195
|2 23
|
| 100 |
1 |
|
|a Ralph, Jeff,
|e author.
|
| 245 |
1 |
2 |
|a A practical introduction to index numbers /
|c Jeff Ralph, Rob O'Neill, Joe Winton.
|
| 264 |
|
1 |
|a Chichester, West Sussex, England :
|b Wiley,
|c 2015.
|
| 264 |
|
4 |
|c 2015
|
| 300 |
|
|
|a 1 online resource (245 pages) :
|b illustrations, tables, graphs
|
| 336 |
|
|
|a text
|2 rdacontent
|
| 337 |
|
|
|a computer
|2 rdamedia
|
| 338 |
|
|
|a online resource
|2 rdacarrier
|
| 504 |
|
|
|a Includes bibliographical references at the end of each chapters and index.
|
| 588 |
|
|
|a Description based on print version record.
|
| 590 |
|
|
|a Electronic reproduction. Ann Arbor, MI : ProQuest, 2016. Available via World Wide Web. Access may be limited to ProQuest affiliated libraries.
|
| 650 |
|
0 |
|a Index numbers (Economics)
|
| 655 |
|
4 |
|a Electronic books.
|
| 700 |
1 |
|
|a O'Neill, Rob,
|e author.
|
| 700 |
1 |
|
|a Winton, Joe,
|e author.
|
| 776 |
0 |
8 |
|i Print version:
|a Ralph, Jeff.
|t Practical introduction to index numbers.
|d Chichester, West Sussex, England : Wiley, c2015
|h approximately 245 pages
|z 9781118977781
|w 2015019379
|
| 797 |
2 |
|
|a ProQuest (Firm)
|
| 856 |
4 |
0 |
|u https://ebookcentral.proquest.com/lib/matrademy/detail.action?docID=4428267
|z Click to View
|